| 000 | 02203cam a22004454i 4500 | ||
|---|---|---|---|
| 003 | PE-LiUPU | ||
| 005 | 20250731165400.0 | ||
| 008 | 150925s2011 pe grm 000 0 spa d | ||
| 035 | _a(Sirsi) a154615 | ||
| 040 |
_aPE-LiUPU _bspa _cPE-LiUPU _erda |
||
| 099 |
_aTE 3 _bM22 2011 |
||
| 100 | 1 |
_aMamani Apaza, Elena _eauto |
|
| 245 | 1 | _aPrograma "RESURGIR A LA VIDA" y su efectividad en el desarrollo de la capacidad de resiliencias en alumnos con abandono escolar del cuarto grado del Colegio Perú Birf Juliaca - Puno. | |
| 264 | 0 | _c2011. | |
| 300 |
_a116 hojas _c30 cm |
||
| 336 |
_atext _2rdacontent |
||
| 337 |
_aunmediated _2rdamedia |
||
| 338 |
_avolume _2rdacarrier |
||
| 502 |
_aTesis _b(Mg.) -- _cUniversidad Peruana Unión, _d2011. |
||
| 504 | _aIncluye referencias | ||
| 520 | 3 | _aEl objetivo de la presente investigación es determinar si el programa de intervención "Resurgir a la vida" es efectivo en el desarrollo de la capacidad de resiliencia de los alumnos con abandono escolar del cuarto grado de secundaria del colegio de Perú BIRF, Juliaca-Puno. El tipo de investigación fue propositivo, de diseño pre-experimental pues la muestra ya estuvo formada antes del experimento y no tuvo grupo control. De acuerdo al diseño de investigación se hizo un pre-test y pos test para obtener el nivel de capacidad de resiliencia. Entre el pre y pos test se ejecutó el programa de intervención "Resurgir a la vida". La muestra estuvo conformada por 32 alumnos de la sección de cuarto año de educación secundaria de la institución educativa publica Perú BIRF de la ciudad de Juliaca, departamento de Puno. | |
| 526 | _aSEG44 | ||
| 526 | _aSEG26 | ||
| 526 | _aP151 | ||
| 526 | _aP150 | ||
| 526 | _aP149 | ||
| 526 | _aP146 | ||
| 526 | _aP145 | ||
| 526 | _aP126 | ||
| 526 | _aP125 | ||
| 526 | _aP92 | ||
| 526 | _aP75 | ||
| 526 | _aP74 | ||
| 526 | _aP27 | ||
| 526 | _aP15 | ||
| 650 | 0 | 4 |
_aResiliencia _xEducación Primaria _xPlanes y programas _vTesis. |
| 596 | _a1 | ||
| 942 |
_2ddc _cTESIS |
||
| 999 |
_aTE 3 M22 2011 _wALPHANUM _c7317 _iT01232 _lCCODEBUL3 _mBUL _r1 _sY _tTESIS _u2015-9-25 _xPOSGRADO _PP57 _o.STAFF. lTesis _d7317 |
||
| 980 |
_81 _gALBERTO SANCHEZ Responsable de Automatización |
||